000 00860nam a2200241Ia 4500
003 Ost
005 20260507075127.0
008 260507s9999||||xx |||||||||||||| ||und||
020 _a128704977
040 _cfsecg
041 _aara
082 _a330
100 _aعبد العزيز، جمال محمود
_eمؤلف
245 0 _aمسؤولية البنك في حالة إفلاس العميل على ضوء القانونين المصري والفرنسي /
_c جمال محمود عبد العزيز
260 _aالقاهرة:
_bدار النهضة العربية,
_c2005
300 _a295 صفحة؛
_c24 سم
520 _aأركان مسؤولية البنك-أثر مسؤولية البنك
653 _aالتعويض
653 _aالضرر
653 _aخطأ البنك
653 _aمسؤولية البنك
942 _cكتاب
999 _c43160
_d43160